| 000 | 01090nam a2200337 i 4500 | ||
|---|---|---|---|
| 001 | 200443923 | ||
| 999 |
_c200443923 _d62135 |
||
| 003 | TR-AnTOB | ||
| 005 | 20240820132430.0 | ||
| 007 | ta | ||
| 008 | 210928s1999 tu 000 0 tur d | ||
| 040 |
_aTR-AnTOB _beng _erda _cTR-AnTOB |
||
| 041 | 0 | _atur | |
| 060 |
_aW 74 JT8 _bSA 158 1999 |
||
| 096 |
_aTOBBK W74 JT8 _bSA 158 1999 |
||
| 099 | _a362.1 şAK 1999 | ||
| 100 | 1 |
_aŞakar, Ayşe Yiğit _eauthor _9132868 |
|
| 245 | 1 | 0 |
_aTürkiye'de sağlık hizmetleri ve sağlık harcamaları / _cAyşe Yiğit Şakar. |
| 264 | 1 |
_a[Ankara]: _bTürkiye Sağlık İşçileri Sendikası; Türk-İş, _c1999. |
|
| 300 |
_a129 pages : _btables ; _c24 cm |
||
| 336 |
_atext _btxt _2rdacontent |
||
| 337 |
_aunmediated _bn _2rdamedia |
||
| 338 |
_avolume _bnc _2rdacarrier |
||
| 650 | 2 |
_aHealth Expenditures _964060 |
|
| 650 | 2 |
_aEconomics, Medical _9115372 |
|
| 650 | 2 |
_aHealth Policy _9108556 |
|
| 651 | 0 |
_aTurkey _9119714 |
|
| 653 | _aSağlık ekonomisi-harcamalar | ||
| 653 | _aSağlık hizmetleri-Ekonomi | ||
| 942 |
_2z _cBK |
||